Unlock : Listening, speaking & critical thinking : [Level 5], Student's book / (Record no. 785)

MARC details
000 -LEADER
fixed length control field 01097nam a22003017a 4500
003 - CONTROL NUMBER IDENTIFIER
control field OSt
005 - DATE AND TIME OF LATEST TRANSACTION
control field 20260421095105.0
008 - FIXED-LENGTH DATA ELEMENTS--GENERAL INFORMATION
fixed length control field 211118b ||||| |||| 00| 0 eng d
020 ## - INTERNATIONAL STANDARD BOOK NUMBER
International Standard Book Number 9781108567916
040 ## - CATALOGING SOURCE
Transcribing agency KCST
082 ## - DEWEY DECIMAL CLASSIFICATION NUMBER
Classification number 428.34
Item number Wi Un
100 ## - MAIN ENTRY--PERSONAL NAME
Personal name Williams, Jessica
Dates associated with a name 1957-
9 (RLIN) 5616
245 ## - TITLE STATEMENT
Title Unlock : Listening, speaking & critical thinking : [Level 5], Student's book /
Statement of responsibility, etc. Jessica Williams; Sabina Ostrowska; Chris Sowton; Jennifer Farmer; Christina Cavage; Laurie Frazier
250 ## - EDITION STATEMENT
Edition statement 2
260 ## - PUBLICATION, DISTRIBUTION, ETC.
Place of publication, distribution, etc. Cambridge :
Name of publisher, distributor, etc. Cambridge University Press,
Date of publication, distribution, etc. 2019.
300 ## - PHYSICAL DESCRIPTION
Extent 271 p.
521 ## - TARGET AUDIENCE NOTE
Target audience note C1 English Profile.
650 ## - SUBJECT ADDED ENTRY--TOPICAL TERM
Topical term or geographic name entry element English language
Form subdivision Textbooks for foreign speakers.
9 (RLIN) 4734
650 ## - SUBJECT ADDED ENTRY--TOPICAL TERM
Topical term or geographic name entry element English language
Form subdivision Spoken English
General subdivision Textbooks for foreign speakers.
9 (RLIN) 5138
650 ## - SUBJECT ADDED ENTRY--TOPICAL TERM
Topical term or geographic name entry element English language
Form subdivision Sound recordings for foreign speakers.
9 (RLIN) 5139
700 ## - ADDED ENTRY--PERSONAL NAME
Personal name Ostrowska, Sabina
9 (RLIN) 5426
700 ## - ADDED ENTRY--PERSONAL NAME
Personal name Sowton, Chris
9 (RLIN) 5143
700 ## - ADDED ENTRY--PERSONAL NAME
Personal name Farmer, Jennifer
9 (RLIN) 5617
700 ## - ADDED ENTRY--PERSONAL NAME
Personal name Cavage, Christina
9 (RLIN) 5618
700 ## - ADDED ENTRY--PERSONAL NAME
Personal name Frazier, Laurie
9 (RLIN) 5619
942 ## - ADDED ENTRY ELEMENTS (KOHA)
Koha item type Course Textbook
Source of classification or shelving scheme Dewey Decimal Classification
942 ## - ADDED ENTRY ELEMENTS (KOHA)
Source of classification or shelving scheme Dewey Decimal Classification
Holdings
Withdrawn status Lost status Source of classification or shelving scheme Damaged status Not for loan Home library Current library Date acquired Source of acquisition Cost, normal purchase price Total checkouts Full call number Barcode Date last seen Cost, replacement price Price effective from Koha item type Total renewals Date due Date last checked out
    Dewey Decimal Classification     KCST Library KCST Library 18/11/2021 Procured 11.50   428.34 Wi Un 1000000979 18/11/2021 11.50 18/11/2021 Course Textbook      
    Dewey Decimal Classification     KCST Library KCST Library 18/11/2021 Free copy from publisher - That AlSalasil 0.00   428.34 Wi Un 1000001095 06/02/2023   06/02/2023 Course Textbook      
    Dewey Decimal Classification     KCST Library KCST Library 18/11/2021 Free copy from publisher - That AlSalasil 0.00   428.34 Wi Un 1000001093 14/02/2023   06/02/2023 Course Textbook      
    Dewey Decimal Classification     KCST Library KCST Library 18/11/2021 Free copy from publisher - That AlSalasil 0.00 2 428.34 Wi Un 1000001094 29/04/2025   06/02/2023 Course Textbook 2 27/05/2025 29/04/2025
    Dewey Decimal Classification     KCST Library KCST Library 10/08/2023 Donation - Ms Rawan AlKandari - Staff 0.00   428.34 Wi Un 1000001156 10/08/2023   10/08/2023 Course Textbook      
    Dewey Decimal Classification     KCST Library KCST Library 10/08/2023 Donation - Ms Rawan AlKandari - Staff 0.00 2 428.34 Wi Un 1000001157 07/05/2025   10/08/2023 Course Textbook     17/04/2025
© 2025 KCST. All rights reserved